| 000 | 00590nam a2200169 i 4500 | ||
|---|---|---|---|
| 001 | 44153 | ||
| 003 | ES-MaACL | ||
| 005 | 20230906160953.0 | ||
| 007 | t| | ||
| 008 | 030320s1979 sp ||||1| spa d | ||
| 100 | 1 |
_aCid, Jesús Antonio. _938760 |
|
| 245 | 1 | 0 |
_aRecolección moderna y teoría de la transmisión oral _b: el traidor Marquillos, cuatro siglos de vida latente / _cJesús Antonio Cid. |
| 260 |
_aMadrid : _b[s.n.], _c1979. |
||
| 300 |
_a40 h. ; _c24 cm. |
||
| 500 | _aEs separata de: El romancero hoy: nuevas fronteras. P. 281-359. | ||
| 852 |
_aES-MaACL _j2125-F-21 _bR.104441 |
||
| 999 |
_c44153 _d44153 |
||